[Event "1st 4NCL International Open"]
[Site "Telford"]
[Date "2018.11.02"]
[Round "5"]
[White "Gormally, Daniel W"]
[Black "Ravi, Teja S."]
[Result "0-1"]
[WhiteElo "2482"]
[BlackElo "2357"]
[Annotator "TA"]
[PlyCount "82"]
[EventDate "2018.10.31"]
[EventType "swiss"]
[EventCountry "GBR"]
[SourceTitle "playchess.com"]
[Source "ChessBase"]
[SourceQuality "1"]

{[%evp 17,82,-16,-11,-16,-12,-32,10,0,-3,-7,28,-5,10,-8,0,-134,-126,-108,-116,-122,-115,-117,-122,-123,-127,-142,-142,-145,-145,-149,-100,-164,-162,-156,-145,-247,-246,-284,-289,-242,-214,-240,-149,-487,-559,-954,-829,-795,-750,-1407,-1410,-1337,-1290,-1240,-410,-1214,-1207,-2084,-2056,-29981,-29982,-29982,-29983,-7194,-8275,-29988,-29989]} 1. Nf3 d5 2. d4 Nf6 3. c4 c6 4. Nc3 a6 5. Bg5 Ne4 6. Bf4 Nxc3 7. bxc3 dxc4 8. g3 b5 {D15: Slav Defence: 4 Nc3 a6 and gambit lines after 4 Nc3 dxc4} 9. Bg2 Bb7 {LiveBook: 15 Games} 10. Nd2 Nd7 {The position is equal.} 11. O-O Nf6 $146 ({Predecessor:} 11... e6 12. Ne4 Nb6 13. Nc5 Bxc5 14. dxc5 Qxd1 15. Rfxd1 Na4 16. Rd6 Nxc5 {0-1 (50) Bragin,P (2250)-Tyulenko,Y (2409) ICCF email 2012}) 12. e4 e6 {[%cal Be7e6,Be6d5,Bd5d4,Bd4d3][%mdl 32]} 13. Bg5 c5 14. Bxf6 (14. d5 $5) 14... gxf6 15. d5 $1 Bh6 16. Qh5 (16. a4 $11 {remains equal.}) 16... Bxd2 $17 17. Rad1 exd5 $1 (17... Bxc3 $6 18. dxe6 Qe7 19. Rd7 $14) 18. Rxd2 {[%cal Re4d5]} d4 19. Qxc5 d3 20. a4 Rc8 $36 {[%cal Ba8c8,Bc8c5,Bc5e5,Be5e6][%mdl 2080] Black has strong initiative.} 21. Qe3 Qe7 $1 ({But not} 21... bxa4 22. e5 $15) 22. axb5 axb5 23. Rb1 Rc5 24. Ra2 (24. Qh6 $17 {might work better.}) 24... O-O $1 $19 25. Ra7 {Black must now prevent Rxb7!} Rb8 26. Qh6 (26. Qf4 $17 {was necessary.} Re5 27. Qg4+ Kf8 28. Qf4) 26... Re5 27. h4 Qc5 28. Rba1 ({Much worse is} 28. Qxf6 Re6 $19) 28... Qd6 ({Worse is} 28... Bxe4 29. Bxe4 Rxe4 30. Rxf7 $1 $11 {[%mdl 512]}) 29. f4 Re6 {Strongly threatening ...b4.} 30. f5 $2 {[%mdl 8192]} (30. Kh2 $17 {is tougher.}) 30... Re5 31. g4 {White hopes to continue with g5.} Qb6+ 32. Kh2 Rxe4 {Threatens to win with ...Re2.} 33. Bxe4 Qf2+ 34. Kh3 Bxe4 {[%csl Ge4][%cal Rf2g2]} 35. R7a2 Qf3+ 36. Kh2 b4 {[%cal Bb5b4,Bb4c3,Bc3c2][%mdl 32]} 37. Rg1 bxc3 {...d2 is the strong threat.} 38. g5 Qf4+ 39. Rg3 {[#]} Kh8 $1 40. Qxf6+ Kg8 41. h5 c2 {Precision: White = 31%, Black = 78%.} 0-1

[Event "1st 4NCL International Open"]
[Site "Telford"]
[Date "2018.11.02"]
[Round "5"]
[White "Williams, Simon K"]
[Black "Dgebuadze, Alexandre"]
[Result "1/2-1/2"]
[WhiteElo "2457"]
[BlackElo "2484"]
[Annotator "TA"]
[PlyCount "75"]
[EventDate "2018.10.31"]
[EventType "swiss"]
[EventCountry "GBR"]
[SourceTitle "playchess.com"]
[Source "ChessBase"]
[SourceQuality "1"]

{[%evp 9,75,28,63,20,57,30,24,20,29,23,31,28,27,28,28,26,24,21,31,27,31,15,25,30,27,27,33,44,50,21,50,60,57,31,71,84,146,132,122,119,223,244,325,295,287,256,270,165,190,195,223,131,110,104,151,60,69,-8,-8,-8,-1,-3,0,0,0,0,0,0]} 1. Nf3 e6 2. c4 b6 3. g3 Bb7 4. Bg2 c5 (4... g6 5. O-O Bg7 6. Nc3 Nf6 7. d4 Ne4 8. Bd2 O-O 9. Rc1 c5 10. d5 exd5 11. cxd5 Nxd2 12. Nxd2 d6 13. Nc4 Ba6 14. b3 b5 15. Nd2 {0-1 (29) So,W (2815)-Carlsen,M (2832) chess.com INT 2017}) 5. O-O Nc6 {LiveBook: 6 Games} 6. e3 {A13: English Opening: 1...e6} Na5 $146 ({Predecessor:} 6... Nf6 7. d4 cxd4 8. exd4 Rc8 9. d5 Na5 10. b3 exd5 {½-½ (45) Gurevich,D (2570)-De Firmian,N (2575) Parsippany 1996}) 7. d3 Be7 8. e4 {White has an edge.} d6 9. Nc3 Nf6 10. a3 Nd7 11. b4 Nc6 $1 {[%cal Ba5c6,Bc6d4,Bd4e2][%mdl 32]} 12. Rb1 O-O 13. Ne1 Nd4 14. f4 Rb8 15. Nc2 Bf6 16. Ne2 Nxe2+ 17. Qxe2 Qc7 18. g4 g6 19. Ne3 Bg7 20. Bb2 Bxb2 21. Rxb2 e5 22. f5 $1 f6 (22... cxb4 $142 23. axb4 a5) 23. fxg6 hxg6 24. h4 Rf7 {[#]} (24... cxb4 $16 25. axb4 a5) 25. g5 $1 $18 Rbf8 26. Bh3 Rh7 27. Be6+ Kh8 28. Qf2 cxb4 29. axb4 a5 30. Bxd7 ({White should play} 30. Qg3 $18) 30... Qxd7 $16 31. bxa5 ({Don't play} 31. gxf6 $6 Qh3 $11) 31... bxa5 {[#]} 32. gxf6 (32. Qg3 $1 $16) 32... Qh3 $14 33. Ng2 (33. Qe1 $14) 33... Qxd3 $11 {The position is equal.} 34. c5 $1 Qxe4 35. cxd6 Rd7 36. Qe3 Qxe3+ 37. Nxe3 {Ng4 is the strong threat.} Ba6 38. Ra1 {Precision: White = 60%, Black = 54%.} 1/2-1/2

[Event "1st 4NCL International Open"]
[Site "Telford"]
[Date "2018.11.02"]
[Round "5"]
[White "Arkell, Keith C"]
[Black "Krishna C R G"]
[Result "1/2-1/2"]
[WhiteElo "2436"]
[BlackElo "2445"]
[Annotator "TA"]
[PlyCount "25"]
[EventDate "2018.10.31"]
[EventType "swiss"]
[EventCountry "GBR"]
[SourceTitle "playchess.com"]
[Source "ChessBase"]
[SourceQuality "1"]

{[%evp 19,25,32,36,25,52,14,27,21]} 1. d4 Nf6 2. Nf3 d6 3. g3 Nbd7 4. c4 e5 5. Nc3 Be7 6. Bg2 O-O 7. O-O c6 8. e4 a6 9. Qe2 b5 {A55: Old Indian Defence with Nf3 and e4} 10. Rd1 Qc7 {LiveBook: 3 Games} 11. a3 Bb7 12. b4 $146 ({Predecessor:} 12. h3 Rfe8 13. Be3 Bf8 14. Rac1 bxc4 15. dxe5 Nxe5 16. Nxe5 dxe5 17. Qxc4 {½-½ (60) Agrest,E (2596)-Kunin,V (2556) Berlin 2015}) 12... Rfe8 13. dxe5 1/2-1/2

[Event "1st 4NCL International Open"]
[Site "Telford"]
[Date "2018.11.02"]
[Round "5"]
[White "Hebden, Mark L"]
[Black "Mihalik, Agoston"]
[Result "1-0"]
[WhiteElo "2426"]
[BlackElo "2223"]
[Annotator "TA"]
[PlyCount "123"]
[EventDate "2018.10.31"]
[EventType "swiss"]
[EventCountry "GBR"]
[SourceTitle "playchess.com"]
[Source "ChessBase"]
[SourceQuality "1"]

{[%evp 16,123,-12,-7,42,37,84,86,127,122,130,126,131,115,125,54,51,47,63,47,48,37,47,31,59,23,12,0,11,0,0,-10,-6,-10,-10,-131,-10,-16,-18,-12,0,0,0,0,0,0,0,-5,0,0,0,0,0,0,0,0,0,0,0,0,0,0,0,0,0,0,0,0,0,0,0,0,0,0,0,0,0,0,0,0,0,0,0,0,0,0,0,0,0,0,0,0,0,0,0,0,0,0,0,0,0,0,0,0,48,48,48,48,29983,29984]} 1. d4 Nf6 2. Nf3 d5 3. c4 e6 4. Bg5 Bb4+ 5. Nc3 dxc4 6. e4 c5 7. dxc5 Qxd1+ {D39: Queen's Gambit Declined: Ragozin Defence with 5 Bg5 dxc4} 8. Rxd1 Bxc3+ (8... Nbd7 9. Rd4 h6 10. Bd2 Bxc5 11. Rxc4 e5 12. Nxe5 Bxf2+ 13. Kxf2 Nxe5 14. Rc5 O-O 15. h3 Rd8 16. Bf4 Ng6 17. Be3 Bd7 18. Be2 Bc6 19. Rc4 a6 20. Rd1 Rxd1 21. Bxd1 Re8 {½-½ (21) Vachier Lagrave,M (2715)-Aronian,L (2805) Wijk aan Zee 2011}) 9. bxc3 {LiveBook: 4 Games} Bd7 {The position is equal.} 10. Nd2 {[%cal Bf3d2,Bd2c4,Bc4a5][%mdl 32]} h6 $146 ({Predecessor:} 10... Na6 11. e5 Nd5 12. Ne4 Ba4 13. Rd4 h6 14. Bc1 Bc2 15. Nd6+ Ke7 16. Ba3 Ba4 17. Bxc4 Bc6 18. Nxb7 Nac7 19. Na5 Bb5 20. c6+ Ke8 21. Bxd5 exd5 22. Bd6 {1-0 (22) Beradze,I (2434)-Choladze,M (2025) Tbilisi 2016}) 11. Be3 Bc6 {[#]} 12. f3 $1 ({Don't take} 12. Nxc4 $6 Nxe4 13. Nd6+ Ke7 $14) 12... Ke7 13. Nxc4 Nfd7 14. Na5 Rc8 15. Be2 (15. Bf4 $16) 15... b6 $14 16. Nb3 Ba4 {[%cal Rd7c5]} 17. cxb6 axb6 18. Rc1 Bxb3 19. axb3 Ra3 20. Bd1 Nc5 {Threatening ...Nd3+.} 21. Bxc5+ (21. O-O {with more complications.} Nxb3 22. Rc2 Nd7 23. Be2 e5 24. Rd1) 21... bxc5 22. Rf1 Nc6 23. Kd2 Rd8+ 24. Ke3 Na5 25. Be2 (25. Rb1 $11) 25... Rxb3 (25... Nxb3 $17 26. Rcd1 Nd4) 26. Rfd1 Rxd1 27. Bxd1 $11 {[%mdl 4096] Endgame KRB-KRN} Rb2 {Threatens to win with ...Nc4+.} 28. Be2 Nb3 29. Rd1 Rc2 30. Kd3 Rb2 31. Bf1 Kd6 32. h4 Kc6 33. h5 c4+ 34. Kxc4 Nd2+ 35. Kd4 Nxf1 36. Rxf1 Rxg2 {KR-KR} 37. Ra1 Rd2+ 38. Ke3 Rc2 39. Ra7 Rxc3+ 40. Kf4 Rc5 41. Rxf7 Rxh5 42. Rxg7 Kd6 43. Ra7 Rh4+ 44. Kg3 Rh1 45. f4 Rg1+ 46. Kf2 Rc1 47. Rh7 Rh1 48. Kg2 Rh4 49. Kf3 {e5+ is the strong threat.} Rh3+ 50. Kg4 Rh1 51. Ra7 Re1 52. e5+ Kd5 53. Ra5+ Ke4 54. Ra4+ Kd5 55. Kf3 Rc1 56. Ra6 {Black must now prevent Rd6+.} Rc6 57. Ra1 {Strongly threatening Rd1+.} Rc3+ 58. Kg4 Rc2 59. Ra6 Rc6 60. Rxc6 Kxc6 61. Kh5 Kd5 $2 {[%mdl 8192] [#]} (61... Kd7 $14 62. Kxh6 Kc6) 62. Kxh6 {Precision: White = 55%, Black = 55%.} 1-0

[Event "1st 4NCL International Open"]
[Site "Telford"]
[Date "2018.11.02"]
[Round "5"]
[White "Pert, Richard G"]
[Black "Roberson, Peter T"]
[Result "1/2-1/2"]
[WhiteElo "2408"]
[BlackElo "2396"]
[Annotator "NA"]
[PlyCount "48"]
[EventDate "2018.10.31"]
[EventType "swiss"]
[EventCountry "GBR"]
[SourceTitle "playchess.com"]
[Source "ChessBase"]
[SourceQuality "1"]
[TimeControl "5400+30"]

1. d4 {[%emt 0:00:36]} e6 {[%emt 0:00:00]} 2. Nf3 {[%emt 0:00:11]} Nf6 {[%emt 0:00:00]} 3. Bg5 {[%emt 0:00:45]} h6 {[%emt 0:00:18]} 4. Bh4 {[%emt 0:00:19]} d6 {[%emt 0:00:33]} 5. c3 {[%emt 0:02:22] A46: 1 d4 Nf6 2 Nf3 e6: Torre, London and Colle Systems} Nbd7 {[%emt 0:01:01]} 6. Nbd2 {[%emt 0:05:22]} g5 {[%emt 0:00:50]} 7. Bg3 {[%emt 0:00:06]} Nh5 {[%emt 0:00:05]} 8. e4 {[%emt 0:06:49]} Bg7 {[%emt 0:00:25]} 9. Bd3 {[%emt 0:01:40]} O-O {[%emt 0:05:22]} 10. Ng1 {[%emt 0:06:37]} Nxg3 {[%emt 0:01:50]} 11. hxg3 {[%emt 0:00:05]} c5 {[%emt 0:04:31]} 12. Ne2 {[%emt 0:03:22]} cxd4 {[%emt 0:16:06]} 13. Nxd4 {[%emt 0:02:59]} Ne5 {[%emt 0:04:33]} 14. Bc2 $146 {[%emt 0:01:38]} ({Predecessor:} 14. Be2 Nc6 {½-½ (37) Nijs,N (2298)-Smirin,I (2663) Oslo 2013}) 14... b5 {[%emt 0:04:36]} 15. N2f3 {[%emt 0:09:04]} Ng6 {[%emt 0:11:39]} 16. O-O {[%emt 0:07:50]} Qb6 {[%emt 0:04:14]} 17. a3 {[%emt 0:02:17]} Bd7 {[%emt 0:01:40]} 18. Qd2 {[%emt 0:14:41]} a5 {[%emt 0:05:17]} 19. Rad1 {[%emt 0:04:57]} Rfc8 {[%emt 0:01:32]} 20. Bb3 {[%emt 0:02:10]} Rab8 {[%emt 0:15:37]} 21. Nc2 {[%emt 0:00:46]} Bc6 {[%emt 0:01:15]} 22. Rfe1 {[%emt 0:01:13]} Rd8 $11 {[%emt 0:05:28]} 23. Qe2 {[%emt 0:02:48]} Bb7 {[%emt 0:02:24]} 24. Rd2 {[%emt 0:04:51]} Ba6 {[%emt 0:04:32]} 1/2-1/2

[Event "1st 4NCL International Open"]
[Site "Telford"]
[Date "2018.11.02"]
[Round "5"]
[White "Gourlay, Iain"]
[Black "Hill, Alistair"]
[Result "1/2-1/2"]
[WhiteElo "2358"]
[BlackElo "2203"]
[Annotator "NA"]
[PlyCount "47"]
[EventDate "2018.10.31"]
[EventType "swiss"]
[EventCountry "GBR"]
[SourceTitle "playchess.com"]
[Source "ChessBase"]
[SourceQuality "1"]
[TimeControl "5400+30"]

1. c4 {[%emt 0:00:50]} Nf6 {[%emt 0:00:00]} 2. g3 {[%emt 0:00:22]} c5 {[%emt 0:00:00]} 3. Bg2 {[%emt 0:00:19]} d5 {[%emt 0:00:00]} 4. cxd5 {[%emt 0:00:19]} Nxd5 {[%emt 0:00:00]} 5. Nc3 {[%emt 0:00:39]} Nc7 {[%emt 0:00:00]} 6. Nf3 {[%emt 0:02:54]} Nc6 {[%emt 0:00:00]} 7. a3 {[%emt 0:00:43]} g6 {[%emt 0:06:07]} 8. h4 {[%emt 0:01:56] A34: Symmetrical English: 2 Nc3, lines with ...d5} Bg4 {[%emt 0:11:32]} 9. Qa4 $146 {[%emt 0:15:45]} ({Predecessor:} 9. d3 Bg7 10. Be3 Nd4 11. Bxd4 cxd4 12. Ne4 O-O 13. O-O b6 14. Rc1 Qd7 15. Nh2 Bf5 {½-½ (38) Ding,L (2777)-Vidit,S (2693) Tbilisi 2017}) 9... Bd7 {[%emt 0:00:14]} 10. h5 {[%emt 0:01:41]} Nd4 {[%emt 0:05:32]} 11. Qd1 {[%emt 0:01:45]} Bg7 {[%emt 0:22:37]} 12. h6 {[%emt 0:07:54]} Bf6 {[%emt 0:00:31]} 13. e3 {[%emt 0:04:45]} Nde6 {[%emt 0:04:26]} 14. Ne4 {[%emt 0:02:46]} Bb5 {[%emt 0:11:15]} 15. d4 {[%emt 0:07:09]} cxd4 {[%emt 0:01:09]} 16. Nxf6+ {[%emt 0:00:49]} exf6 {[%emt 0:00:03]} 17. Nxd4 {[%emt 0:00:54]} Nxd4 {[%emt 0:00:23]} 18. Qxd4 {[%emt 0:01:09]} Qxd4 {[%emt 0:08:35]} 19. exd4 {[%emt 0:00:07]} O-O-O {[%emt 0:00:05]} 20. Be3 {[%emt 0:01:35]} Nd5 {[%emt 0:00:04]} 21. Rc1+ {[%emt 0:03:06]} Kb8 {[%emt 0:00:04]} 22. Kd2 {[%emt 0:07:58]} Bc6 {[%emt 0:05:56]} 23. Bxd5 {[%emt 0:00:28]} Rxd5 $11 {[%emt 0:00:44]} 24. Rhe1 {[%emt 0:02:46]} 1/2-1/2

[Event "1st 4NCL International Open"]
[Site "Telford"]
[Date "2018.11.02"]
[Round "5"]
[White "Kulkarni, Rakesh"]
[Black "Gibson, Christopher A"]
[Result "1-0"]
[WhiteElo "2297"]
[BlackElo "1924"]
[Annotator "NA"]
[PlyCount "79"]
[EventDate "2018.10.31"]
[EventType "swiss"]
[EventCountry "GBR"]
[SourceTitle "playchess.com"]
[Source "ChessBase"]
[SourceQuality "1"]
[TimeControl "5400+30"]

1. e4 {[%emt 0:00:00]} c5 {[%emt 0:00:00]} 2. c3 {[%emt 0:00:00]} Nf6 {[%emt 0:00:00]} 3. e5 {[%emt 0:00:00]} Nd5 {[%emt 0:00:00]} 4. d4 {[%emt 0:00:00]} cxd4 {[%emt 0:00:00]} 5. Nf3 {[%emt 0:00:00]} e6 {[%emt 0:00:04]} 6. cxd4 {[%emt 0:00:00]} d6 {[%emt 0:00:05]} 7. Bc4 {[%emt 0:00:00]} Nc6 {[%emt 0:04:26]} 8. O-O {[%emt 0:00:08]} Be7 {[%emt 0:00:14]} 9. Qe2 {[%emt 0:00:08]} O-O {[%emt 0:01:22]} 10. Nc3 {[%emt 0:00:04]} Nxc3 {[%emt 0:00:37]} 11. bxc3 {[%emt 0:00:04]} dxe5 {[%emt 0:00:41]} 12. dxe5 {[%emt 0:00:03]} Qa5 {[%emt 0:01:14]} 13. Bd2 {[%emt 0:00:04]} Bd7 {[%emt 0:08:40] B22: Sicilian: 2 c3} 14. Rfe1 {[%emt 0:00:30]} Rfd8 {[%emt 0:05:17]} 15. Bd3 {[%emt 0:00:19]} (15. Bb3 Be8 16. h4 Qa6 17. Qxa6 bxa6 18. Bc4 a5 19. h5 h6 20. a4 Bc5 21. Be3 Bxe3 22. Rxe3 {½-½ (44) Vajda,L (2558)-Deepan Chakkravarthy,J (2530) Arad 2018}) 15... Be8 {[%emt 0:18:59]} 16. Qe4 {[%emt 0:01:33]} g6 {[%emt 0:02:37]} 17. Bc2 {[%emt 0:00:06]} Qd5 {[%emt 0:07:57]} 18. Qg4 $146 {[%emt 0:00:32]} ({Predecessor:} 18. Qf4 b5 19. h4 Rac8 20. h5 Bf8 21. hxg6 hxg6 22. Qh4 Bg7 23. Bg5 Rd7 24. Bf6 Qc5 25. Ng5 Nxe5 26. Qh7+ {1-0 (26) Jeric,S (2273)-Mihevc,I (2173) Slovenia 2014}) 18... Rd7 {[%emt 0:06:18]} 19. h4 {[%emt 0:04:02]} h5 {[%emt 0:02:21]} 20. Qf4 {[%emt 0:01:38]} Rad8 $11 {[%emt 0:00:15]} 21. g4 {[%emt 0:02:16]} hxg4 {[%emt 0:15:41]} 22. Qxg4 {[%emt 0:00:20]} f5 {[%emt 0:01:00]} 23. exf6 {[%emt 0:02:37]} Bxf6 {[%emt 0:00:11]} 24. Bb3 {[%emt 0:00:41]} Qh5 {[%emt 0:02:34]} 25. Bxe6+ {[%emt 0:00:49]} Kg7 {[%emt 0:00:52]} 26. Bxd7 {[%emt 0:00:24]} Bxd7 {[%emt 0:00:09]} 27. Qxh5 {[%emt 0:00:16]} gxh5 {[%emt 0:00:03]} 28. Bg5 {[%emt 0:00:19]} Bg4 {[%emt 0:02:04]} 29. Bxf6+ {[%emt 0:00:06]} Kxf6 {[%emt 0:00:04]} 30. Ng5 {[%emt 0:00:05]} Ne5 {[%emt 0:01:07]} 31. Rab1 {[%emt 0:00:25]} b6 {[%emt 0:01:40]} 32. Re3 {[%emt 0:02:07]} Ng6 {[%emt 0:02:23]} 33. Nf3 {[%emt 0:01:55]} Rd5 {[%emt 0:03:10]} 34. Kh2 {[%emt 0:00:56]} Ra5 {[%emt 0:03:43]} 35. Rb2 {[%emt 0:00:35]} Nf4 {[%emt 0:00:49]} 36. Rd2 {[%emt 0:02:24]} Nd5 {[%emt 0:01:46]} 37. Red3 {[%emt 0:00:09]} Nf4 {[%emt 0:00:30]} 38. Rd6+ {[%emt 0:01:46]} Ke7 {[%emt 0:00:18]} 39. Ng5 {[%emt 0:00:33]} Ne2 {[%emt 0:02:57]} 40. f3 {[%emt 0:05:02]} 1-0

[Event "1st 4NCL International Open"]
[Site "Telford"]
[Date "2018.11.02"]
[Round "5"]
[White "Willow, Jonah B"]
[Black "Gonda, Laszlo"]
[Result "0-1"]
[WhiteElo "2271"]
[BlackElo "2528"]
[Annotator "TA"]
[PlyCount "96"]
[EventDate "2018.10.31"]
[EventType "swiss"]
[EventCountry "GBR"]
[SourceTitle "playchess.com"]
[Source "ChessBase"]
[SourceQuality "1"]

{[%evp 17,96,0,-4,-59,-56,-88,-89,-156,-166,-161,-147,-193,-178,-218,-95,-100,-62,-55,-49,-87,-95,-107,-62,-155,-155,-144,-76,-76,-81,-81,-68,-62,-57,-67,-33,-48,-15,-23,-13,-62,-67,-155,-156,-161,-150,-159,-147,-160,-135,-253,-236,-247,-231,-231,-229,-311,-304,-293,-276,-268,-238,-798,-827,-660,-652,-697,-685,-1111,-733,-1098,-1056,-935,-927,-2347,-2010,-2115,-1507,-2401,-2350,-12840,-12840]} 1. e4 e6 2. d3 d5 3. Nd2 Nf6 4. Ngf3 Nc6 5. e5 Nd7 6. d4 f6 7. exf6 Qxf6 8. Nb3 {C00: French: Unusual White 2nd moves} Bd6 9. Bg5 Qf7 {LiveBook: 4 Games} 10. Bb5 $146 (10. c4 $11) ({Predecessor:} 10. Bh4 e5 11. dxe5 Ndxe5 12. Be2 O-O 13. Ng5 Qf4 14. Qxd5+ Kh8 15. Qe4 Qxe4 16. Nxe4 {0-1 (29) Gundavaa,B (2516)-Ponkratov,P (2605) Khanty-Mansiysk 2013}) 10... O-O $15 11. Bxc6 bxc6 12. Qe2 ({Better is} 12. O-O) 12... a5 $17 {[%cal Ba7a5,Ba5a4][%mdl 32]} 13. O-O-O Ba6 14. Qd2 a4 15. Na5 Bb5 (15... c5 $19 {has better winning chances. And now ...a3! would win.} 16. Kb1 a3 $1 {[%mdl 512]}) 16. Nb7 e5 17. dxe5 Nxe5 18. Nxe5 Bxe5 19. Rhe1 Rae8 20. Nc5 (20. f4 $1 $15 Bxf4 21. Qxf4 Qxf4+ 22. Bxf4 Rxe1 23. Rxe1 Rxf4 24. Nd8) 20... a3 ({And not} 20... Qxf2 21. Nd7 $11) 21. b3 Qxf2 (21... Bd6 $142 22. Rxe8 Rxe8) 22. Nd7 {Strongly threatening Qxf2.} Bb2+ 23. Kb1 Qxd2 24. Bxd2 Rxe1 25. Rxe1 Rd8 26. Nc5 d4 27. Ne6 Rd7 28. Nc5 (28. Ng5 $5 {[%cal Re1e8]} g6 29. Re8+ Kg7 30. Re1 $11) 28... Rd5 29. Ne6 (29. Na4 $15) 29... Bc3 $1 {[%cal Rc3d2]} 30. Kc1 Rf5 $1 31. Bxc3 dxc3 {[%mdl 4096] Endgame KRB-KRN} 32. g4 Rf2 33. Ng5 {[#]} (33. h3 $17) 33... Be2 $1 $19 34. h3 Rh2 35. Ne4 Rxh3 36. Nf2 Re3 37. Nd1 Re6 38. g5 {[#]} Bg4 $1 39. Rxe6 $2 (39. Rg1 Bxd1 40. Kxd1) 39... Bxe6 {Black is clearly winning.} 40. Nxc3 {KB-KN} Kf7 41. Ne2 Kg6 42. Nd4 Bd7 43. Nf3 Kf5 44. Kd2 Kf4 45. g6 h5 46. Ne1 Bf5 47. Ke2 Bxg6 48. Kf2 Be4 {Precision: White = 17%, Black = 60%.} 0-1

[Event "1st 4NCL International Open"]
[Site "Telford"]
[Date "2018.11.02"]
[Round "5"]
[White "Richardson, John R"]
[Black "Fernandez, Daniel Howard"]
[Result "0-1"]
[WhiteElo "2213"]
[BlackElo "2461"]
[Annotator "TA"]
[PlyCount "68"]
[EventDate "2018.10.31"]
[EventType "swiss"]
[EventCountry "GBR"]
[SourceTitle "playchess.com"]
[Source "ChessBase"]
[SourceQuality "1"]

{[%evp 9,68,82,82,69,71,80,89,93,91,107,82,-22,-20,-41,-42,-78,-71,-110,-85,-85,-87,-114,-96,-70,-74,-91,-46,-60,-64,-72,-58,-60,-57,-63,-65,-82,-78,-88,0,0,17,-6,-6,-6,-6,-39,0,-12,-15,-110,-117,-112,-107,-104,-108,-427,-427,-594,-561,-29991,-1340]} 1. d4 b5 2. e4 {[%cal Be2e4,Be4e5][%mdl 32]} Bb7 3. Nd2 b4 4. Ngf3 e6 5. Bd3 c5 6. c3 {A40: Unusual replies to 1 d4} Nf6 {[%cal Bg8f6,Bf6d5,Bd5b4][%mdl 32]} 7. e5 $146 ({Predecessor:} 7. O-O Be7 8. e5 Nd5 9. c4 Nf4 10. Be4 Qb6 11. dxc5 Qc7 12. Bxb7 Qxb7 {1-0 (21) Stojanovic,M (2561)-Meyer,B (2239) Thun 2008}) 7... Nd5 8. Ne4 {White is better.} bxc3 9. bxc3 cxd4 10. Rb1 (10. Nxd4 $16 Qa5 11. O-O Nxc3 12. Qc2 Bxe4 13. Bxe4 Nxe4 14. Qxe4) 10... Qc8 $1 $11 11. cxd4 Nb4 12. Bg5 h6 13. Bh4 Qc6 14. Nc5 Bxc5 15. dxc5 Nxd3+ 16. Qxd3 Qe4+ 17. Kd2 Na6 18. Qxe4 Bxe4 19. Rb5 g5 20. Bg3 Ke7 21. Ra5 Nb4 22. Ra4 a5 23. h4 Rhc8 (23... g4 $17 24. Nd4 Bxg2) 24. hxg5 Bxf3 25. gxf3 (25. gxh6 {is more complex.} Bc6 26. Bh4+ f6 27. Bxf6+ Kf7 28. Ra3) 25... hxg5 26. f4 Rxc5 {And now ...Rc2+ would win.} 27. fxg5 Nc6 28. f4 Rb8 $36 {[%mdl 2048] Black has good play.} 29. g6 (29. Rh2 $11) 29... Rb2+ $17 30. Kd3 fxg6 31. Bh4+ Kf7 {Strongly threatening ...Nb4+.} 32. Bf6 $2 {[%mdl 8192] [#]} (32. Ra3 $17) 32... d5 $1 $19 {...Nb4+ is the strong threat.} 33. Rh7+ Ke8 {( -> ...Nb4+)} 34. a3 Rcb5 {Precision: White = 31%, Black = 69%.} (34... Rbc2 $142 35. Rh8+ Kd7 36. Rh7+ Kc8 37. Rh8+ Kb7 38. Rh7+ Ka6 39. Ra7+ Kxa7 40. Rxa5+ Nxa5 41. Bh4 R5c3+ 42. Kd4 Nc6#) 0-1

[Event "1st 4NCL International Open"]
[Site "Telford"]
[Date "2018.11.02"]
[Round "5"]
[White "Britton, Richard L"]
[Black "Macklin, Paul"]
[Result "1/2-1/2"]
[WhiteElo "2204"]
[BlackElo "2361"]
[Annotator "NA"]
[PlyCount "64"]
[EventDate "2018.10.31"]
[EventType "swiss"]
[EventCountry "GBR"]
[SourceTitle "playchess.com"]
[Source "ChessBase"]
[SourceQuality "1"]
[TimeControl "5400+30"]

1. e4 {[%emt 0:00:00]} g6 {[%emt 0:00:00]} 2. d4 {[%emt 0:00:00]} Bg7 {[%emt 0:00:00]} 3. Nc3 {[%emt 0:01:04]} c6 {[%emt 0:00:07]} 4. Nf3 {[%emt 0:03:59]} d6 {[%emt 0:00:15]} 5. Be3 {[%emt 0:00:35]} Nf6 {[%emt 0:00:26]} 6. Qd2 {[%emt 0:06:13]} O-O {[%emt 0:00:51]} 7. Bh6 {[%emt 0:01:43]} Bg4 {[%emt 0:02:35]} 8. Be2 {[%emt 0:03:35]} Bxf3 {[%emt 0:03:22]} 9. Bxf3 {[%emt 0:01:01]} e5 {[%emt 0:00:10]} 10. Bxg7 {[%emt 0:01:03]} Kxg7 {[%emt 0:00:05]} 11. O-O-O {[%emt 0:00:19] B08: Pirc Defence: Classical System} Qa5 $146 {[%emt 0:08:25]} ({Predecessor:} 11... Nbd7 12. g4 Nb6 13. g5 Nfd7 14. Be2 Qe7 15. h4 Rad8 16. h5 d5 17. exd5 cxd5 18. dxe5 Nxe5 19. Qd4 Kg8 {0-1 (37) Gal,J (2347)-Molnar,B (2354) Hungary 2005}) 12. g4 {[%emt 0:04:22]} b5 {[%emt 0:03:27]} 13. dxe5 {[%emt 0:11:18]} dxe5 {[%emt 0:00:07]} 14. h4 {[%emt 0:00:06]} b4 {[%emt 0:05:25]} 15. Nb1 {[%emt 0:00:06]} Na6 $1 {[%emt 0:02:42]} 16. g5 {[%emt 0:21:49]} Ng8 {[%emt 0:06:36]} 17. Be2 {[%emt 0:00:39]} Nc5 {[%emt 0:08:26]} 18. h5 {[%emt 0:07:55]} Ne6 {[%emt 0:07:49]} 19. hxg6 {[%emt 0:06:37]} hxg6 {[%emt 0:00:52]} 20. Qe3 {[%emt 0:04:25]} Nf4 {[%emt 0:00:25]} 21. Bc4 {[%emt 0:01:16]} Rfd8 {[%emt 0:01:09] [#]} 22. Nd2 $1 {[%emt 0:15:55]} Ne7 {[%emt 0:06:46]} 23. Nb3 {[%emt 0:01:34]} Qb6 {[%emt 0:00:29]} 24. Nc5 {[%emt 0:02:05]} Rxd1+ {[%emt 0:02:44]} 25. Kxd1 $11 {[%emt 0:00:14]} (25. Rxd1 $5 {[%cal Rd1d7]} Rh8 26. Na6 $16) 25... Rd8+ {[%emt 0:00:51]} 26. Nd3 {[%emt 0:01:23]} Qd4 {[%emt 0:06:55]} 27. Qxd4 {[%emt 0:03:43]} Rxd4 {[%emt 0:00:22]} 28. b3 {[%emt 0:00:04]} Rxe4 {[%emt 0:05:47]} 29. Nxb4 {[%emt 0:00:02]} a5 {[%emt 0:01:30]} 30. Nd3 {[%emt 0:00:47]} Nxd3 {[%emt 0:00:17]} 31. Bxd3 {[%emt 0:00:04]} Rg4 {[%emt 0:00:06]} 32. Re1 {[%emt 0:00:06]} f6 {[%emt 0:02:08]} 1/2-1/2